| 000 | 00689nam a2200217 a 4500 | ||
|---|---|---|---|
| 005 | 20200104041542.0 | ||
| 008 | 140312b1995 cl ||||gr|||| 00| 0 spa d | ||
| 040 |
_aCO-BoIAVH _cCO-BoIAVH |
||
| 041 | _aspa | ||
| 044 | _acl | ||
| 082 | 0 | 4 |
_a354.5 _bO68d |
| 110 | 2 | _bOrganización de las Naciones Unidas para la Agricultura y la Alimentación, FAO | |
| 245 | 1 |
_aDesarrollo agropecuario _bde la dependencia al protagonismo del agricultor |
|
| 260 |
_aSantiago _bFAO _c1995 |
||
| 300 |
_a148 paginas.: _c25 x 18 cm |
||
| 650 | 4 | _aCrecimiento agropecuario | |
| 650 | 4 | _aAgricultura | |
| 650 | 4 | _aDesarrollo rural | |
| 942 |
_cLIBRO _2ddc |
||
| 945 | _d2004-02-25 | ||
| 999 |
_c3718 _d3718 |
||